000 00757nas a2200253 4500
001 BR2014003233
003 BR-BrBNA
005 20231205124038.0
007 ta
008 230509b bl.|||p| |||| 00| 00por d
040 _aBR-BrBNA
_bpor
_cBiblioteca Nacional de Agricultura
041 _a(En)
072 _aL01
100 1 _aSilva, C.R.B. da
100 1 _aPutarov, T.
100 1 _aOrsi, R. de O.
245 1 _aPollen spectrum of propolis samples from São Paulo state, Brazil
650 _aABELHA
650 _aAPICULTURA
650 _aPRÓPOLIS
773 0 _tActa Scientiarum. Animal Sciences (Brazil)
_xISSN 1806-2636
_g(Jul-Sep 2013), v. 35(3) p. 297-300
_wBR2014003233
909 _a202311
_bLúcia
_c55
_dLúcia Elande
942 _2AGRIS
_n0
_cANA
999 _c237036
_d237036